Pokemon por imagen (#810 - #1025) - Estadísticas

Estadísticas generales
  • Esta prueba ha sido intentada 16 veces
  • La puntuación promedio es 105 de 213
Estadísticas de respuestas
Imagen Respuesta % Correcto
Scorbunny
93%
Grookey
86%
Cinderace
79%
Obstagoon
79%
Sinistea
79%
Applin
71%
Cursola
71%
Enamorus
71%
Fuecoco
71%
Inteleon
71%
Mr. Rime
71%
Regidrago
71%
Rillaboom
71%
Sirfetch'd
71%
Wiglett
71%
Zamazenta
71%
Alcremie
64%
Corviknight
64%
Morpeko
64%
Perrserker
64%
Polteageist
64%
Regieleki
64%
Smoliv
64%
Sneasler
64%
Sprigatito
64%
Ursaluna
64%
Wooloo
64%
Wugtrio
64%
Zacian
64%
Annihilape
57%
Appletun
57%
Arboliva
57%
Cetoddle
57%
Clodsire
57%
Cramorant
57%
Dracovish
57%
Dracozolt
57%
Dreepy
57%
Dudunsparce
57%
Duraludon
57%
Eternatus
57%
Farigiraf
57%
Flamigo
57%
Flapple
57%
Frosmoth
57%
Gholdengo
57%
Grimmsnarl
57%
Hatterene
57%
Lechonk
57%
Meowscarada
57%
Pawmi
57%
Pawmo
57%
Pawmot
57%
Quaxly
57%
Rookidee
57%
Runerigus
57%
Sandaconda
57%
Sobble
57%
Stonjourner
57%
Tinkaton
57%
Toedscool
57%
Toedscruel
57%
Toxel
57%
Toxtricity
57%
Arctovish
50%
Arctozolt
50%
Barraskewda
50%
Basculegion
50%
Bellibolt
50%
Centiskorch
50%
Cetitan
50%
Charcadet
50%
Chien-Pao
50%
Copperajah
50%
Crocalor
50%
Cyclizar
50%
Dondozo
50%
Dragapult
50%
Espathra
50%
Falinks
50%
Fidough
50%
Glimmet
50%
Grafaiai
50%
Greedent
50%
Hatenna
50%
Impidimp
50%
Kilowattrel
50%
Kingambit
50%
Kleavor
50%
Koraidon
50%
Kubfu
50%
Miraidon
50%
Munkidori
50%
Nacli
50%
Oinkologne
50%
Okidogi
50%
Orbeetle
50%
Overqwil
50%
Revavroom
50%
Spectrier
50%
Tandemaus
50%
Tatsugiri
50%
Terapagos
50%
Thwackey
50%
Tinkatink
50%
Urshifu
50%
Varoom
50%
Veluza
50%
Wattrel
50%
Archaludon
43%
Armarouge
43%
Arrokuda
43%
Bombirdier
43%
Bramaluna
43%
Brambleghast
43%
Bramblin
43%
Capsakid
43%
Ceruledge
43%
Coalossal
43%
Colagrito
43%
Colmilargo
43%
Corvisquire
43%
Cufant
43%
Dachsbun
43%
Dolliv
43%
Drednaw
43%
Eiscue
43%
Eldegoss
43%
Ferrodada
43%
Ferropalmas
43%
Ferropolilla
43%
Ferrosaco
43%
Fezandipiti
43%
Finizen
43%
Floragato
43%
Frigibax
43%
Furioseta
43%
Garganacl
43%
Gimmighoul
43%
Glimmora
43%
Grapploct
43%
Hattrem
43%
Houndstone
43%
Hydrapple
43%
Indeedee
43%
Lokix
43%
Mabosstiff
43%
Maushold
43%
Melenaleteo
43%
Milcery
43%
Morgrem
43%
Naclstack
43%
Nickit
43%
Ogerpon
43%
Orthworm
43%
Palafin
43%
Pecharunt
43%
Pincurchin
43%
Poltchageist
43%
Quaquaval
43%
Quaxwell
43%
Raboot
43%
Rabsca
43%
Rolycoly
43%
Scovillain
43%
Shroodle
43%
Sinistcha
43%
Skeledirge
43%
Skwovet
43%
Snom
43%
Spidops
43%
Squawkabilly
43%
Tadbulb
43%
Thievul
43%
Ting-Lu
43%
Tinkatuff
43%
Wo-Chien
43%
Wyrdeer
43%
Yamper
43%
Zarude
43%
Arctibax
36%
Baxcalibur
36%
Boltund
36%
Calyrex
36%
Carkol
36%
Chewtle
36%
Chi-Yu
36%
Clobbopus
36%
Drakloak
36%
Dubwool
36%
Electrofuria
36%
Ferrocuello
36%
Ferropaladín
36%
Ferropúas
36%
Flamariete
36%
Flittle
36%
Glastrier
36%
Gossifleur
36%
Greavard
36%
Maschiff
36%
Ondulagua
36%
Pelarena
36%
Rellor
36%
Silicobra
36%
Sizzlipede
36%
Tarountula
36%
Dipplin
29%
Dottler
29%
Drizzile
29%
Ferromole
29%
Ferrotesta
29%
Reptalada
29%
Nymbe
21%
No se encontraron pruebas coincidentes
Distribución de puntuación
Porcentaje de gente con cada puntuación
Porcentaje por número respondido
Historial de tus puntuaciones
No has intentado esta prueba.